Inováciám neujdú ani pivovarníci

Slovenské pivovarníctvo a pivovary – výroba a spotreba piva na Slovensku. Medzinárodné trendy a fúzie pivných gigantov a výrobcov alkoholických i nealkoholických nápojov. Top 5 hráčov svetového pivovarníctva.

Salvato in:
Dettagli Bibliografici
Autore principale: Jesný, Martin
Natura: Capitolo di libro
Lingua:slovacco
Soggetti:
Tags: Aggiungi Tag
Nessun Tag, puoi essere il primo ad aggiungerne!!

MARC

LEADER 00000naa a2200000 4500
001 0219333
005 20231011124247.6
041 0 |a slo 
044 |a SK 
245 1 0 |a Inováciám neujdú ani pivovarníci  |c Martin Jesný 
520 |a Slovenské pivovarníctvo a pivovary – výroba a spotreba piva na Slovensku. Medzinárodné trendy a fúzie pivných gigantov a výrobcov alkoholických i nealkoholických nápojov. Top 5 hráčov svetového pivovarníctva. 
610 2 0 |a Slovensko 
610 2 0 |a výroba 
610 2 0 |a pivo 
610 2 0 |a slad 
610 2 0 |a sladovníctvo 
610 2 0 |a pivovarníctvo 
610 2 0 |a pivovary 
610 2 0 |a fúzie 
610 2 0 |a značky 
610 2 0 |a inovácia 
100 1 |a Jesný, Martin